La vie d'un pirate - Peter Pan [Paroles entières] - Statistiques

Statistiques générales
  • Ce quiz a été pris 135 fois
  • Le résultat moyen est 94 sur 160
Statistiques - réponses
X Paroles % Correct
la
100%
pirate
99%
du
98%
vie
98%
de
96%
d'un
95%
A
93%
à
93%
des
92%
Refrain | Strophe Oh
90%
ce
89%
plus
89%
C'est
88%
On
88%
on
88%
belle
86%
bord
82%
vies
82%
d'une
81%
est
77%
frégate
74%
dans
71%
Dans
71%
piraterie
70%
Quand
66%
un
66%
se
60%
une
60%
les
59%
pas
56%
ne
55%
fait
47%
Qui
46%
et
45%
Dialogue Et
45%
rit
44%
l'eau
43%
couteau
42%
rate
42%
sur
42%
bon
41%
dilate
41%
Strophe Oui
41%
toujours
41%
coup
40%
os
40%
vieux
40%
tombe
34%
d'acrobate
33%
Capitaine
31%
eaux
31%
omoplates
31%
au
30%
Que
30%
que
30%
nous
29%
en
26%
il
24%
Dialogue Mais
23%
si
21%
vous
21%
Pan
15%
Peter
15%
tué
13%
chasse
10%
commencent
10%
faut
10%
Loin
10%
hommes
9%
large
9%
pleure
9%
aussi
8%
Enfin
8%
n'avez
8%
temps
8%
ceux
7%
imaginaire
7%
n'êtes
7%
pays
7%
qu'autrefois
7%
s'ennuyer
5%
reconnaître
4%
depuis
3%
jovial
3%
quelque
3%
retournions
3%
oubliant
2%
voilà
2%
Aucun quiz correspondant
Distribution des résultats
% des personnes avec chaque résultat
Percentile par nombre de réponses
Votre historique - résultats
Vous n’avez pas pris ce quiz